| 000 | 00632nam a2200217 a 4500 | ||
|---|---|---|---|
| 003 | DO-SdBNP | ||
| 005 | 20240927073749.0 | ||
| 007 | ta | ||
| 008 | 190814s1993 000 spa d | ||
| 040 |
_aDO-SdBNP _beng _cBNPHU |
||
| 082 |
_222 _a917.293 _bB171e |
||
| 100 | 1 | 0 |
_a Balaguer, Joaquín, _d1906-2002 _976556 |
| 245 | 0 |
_aEmotional guide of the romantic city. / _cJoaquín Balaguer |
|
| 250 | _a5ta. ed. | ||
| 260 |
_aSanto Domingo, _bCorripio, _c1993. |
||
| 300 |
_a236 p. : _bil. _c28 cm |
||
| 590 | _aInventariado, 2022 / DG | ||
| 650 | 4 |
_aSanto Domingo (Ciudad) _xDescripción _982787 |
|
| 910 | _aDG | ||
| 942 |
_2ddc _cLBS1 |
||
| 999 |
_c48785 _d48785 |
||